|
|
|
|
| LEADER |
01755nam a2200445 a 4500 |
| 001 |
3834 |
| 003 |
BD-DhAAL |
| 005 |
20150215100241.0 |
| 008 |
150215s1991 enk 000 0 eng d |
| 010 |
|
|
|a cn 92002833
|
| 020 |
|
|
|a 0700702091 (U.K.)
|
| 020 |
|
|
|a 0913215708 (U.S.)
|
| 040 |
|
|
|a KKS
|c KKS
|d NLC
|d BD-DhAAL
|
| 055 |
0 |
0 |
|a JQ298 I5
|b C65 1991
|
| 082 |
0 |
0 |
|a 954.03/5
|2 20
|
| 090 |
|
|
|a JQ298.I5
|b C62 1991
|
| 245 |
0 |
4 |
|a The Congress and Indian nationalism :
|b historical perspectives /
|c edited by John L. Hill.
|
| 260 |
|
|
|a London :
|b Curzon Press ;
|a Wellesley Hills, MA :
|b Riverdale,
|c c1991.
|
| 300 |
|
|
|a vii, 354 p. ;
|c 23 cm.
|
| 490 |
|
|
|a Collected papers on South Asia ;
|v no. 9
|
| 541 |
|
|
|e 3834
|
| 610 |
2 |
0 |
|a Indian National Congress
|x History.
|9 8397
|
| 610 |
2 |
6 |
|a Indian National Congress
|x Histoire.
|9 8398
|
| 610 |
2 |
7 |
|a Indian National Congress
|2 fast
|9 8399
|
| 648 |
|
7 |
|a 1857 - 1947
|2 fast
|9 8400
|
| 650 |
|
0 |
|a Nationalism
|z India
|x History.
|9 8401
|
| 650 |
|
7 |
|a Nationalism
|2 fast
|9 7501
|
| 650 |
|
7 |
|a Political science
|2 fast
|9 8402
|
| 651 |
|
0 |
|a India
|x Politics and government
|y 1857-1919.
|9 8403
|
| 651 |
|
0 |
|a India
|x Politics and government
|y 1919-1947.
|9 8404
|
| 651 |
|
7 |
|a India
|2 fast
|9 8405
|
| 655 |
|
7 |
|a History
|2 fast
|9 8406
|
| 700 |
1 |
|
|a Hill, John L.,
|d 1941-
|9 8407
|
| 711 |
2 |
|
|a Canadian Conference on the Centenary of the Indian National Congress
|d (1986 :
|c Montreal)
|9 8408
|
| 905 |
|
|
|a 19980417120000.0
|
| 942 |
|
|
|2 ddc
|c BK
|
| 948 |
2 |
|
|a 20141123
|b m
|d batch
|e lts
|x addfast
|
| 950 |
|
|
|l OLIN
|b oels
|i 01/01/01 N
|
| 999 |
|
|
|c 33694
|d 33694
|
| 952 |
|
|
|0 0
|1 0
|2 ddc
|4 0
|6 954_035000000000000_CON
|7 0
|9 52629
|a SCL
|b SCL
|c GEN
|d 2015-02-15
|e Gift: The British Council
|l 7
|m 22
|o 954.035 CON
|p 3020003834
|r 2025-09-16
|s 2025-09-15
|t 1
|w 2015-02-15
|y BK
|